| 000 | 00825 a2200241 4500 | ||
|---|---|---|---|
| 999 |
_c443491 _d443491 |
||
| 003 | UA-OsUOA | ||
| 005 | 20200109143051.0 | ||
| 008 | 200109b un ||||| |||| 00| 0 ukr d | ||
| 040 |
_aUA-OsUOA _bukr _cUA-OsUOA _dUA-OsUOA |
||
| 041 | _aukr | ||
| 080 | _a82-1 | ||
| 090 |
_a82-1 _bТ56 |
||
| 100 | _aТомашевська М. | ||
| 245 |
_aЗірка надії. Поезія _cМ. Томашевська |
||
| 260 |
_c2009 _aКременець _bПросвіта |
||
| 300 | _a92 с. | ||
| 590 | _aМістить автограф авторки. | ||
| 650 | _a82-1 Поезія. Поеми. Вірші | ||
| 700 | 1 | _aТомашевська М. | |
| 942 |
_cBK _2udc |
||
| 955 | _a3 | ||